| 000 | 01616cam a2200169 4500500 | ||
|---|---|---|---|
| 005 | 20251228061305.0 | ||
| 041 | _afre | ||
| 042 | _adc | ||
| 100 | 1 | 0 |
_aEychart, Baptiste _eauthor |
| 245 | 0 | 0 | _aPrésentation |
| 260 | _c2023. | ||
| 500 | _a44 | ||
| 520 | _aSi les droits et les discours sur les droits participent d’une mystification de l’exploitation, que peut signifier créer des antagonismes depuis le droit et les scènes judiciaires ? A partir de contentieux qui les opposent à plusieurs préfectures, les co-auteurs du Bureau des dépositions, avec le conseil d’avocats, confrontent et associent deux droits, rarement reliés, et qui, pourtant, participent ensemble de processus de frontiérisation : le droit de la propriété intellectuelle et le droit des étrangers. En associant ces droits, comment œuvrer à leur possible politisation ? | ||
| 520 | _aIf rights and discourses on rights contribute to a mystification of exploitation, what can it mean to create antagonisms founded in law and judicial scenes? Based on litigation that opposed them to several prefectures, the co-authors of the Bureau des dépositions, with the advice of lawyers, confront and associate two kinds of law, rarely linked, and which, however, participate together in processes of frontierization: intellectual property law and the foreigners’ law. By associating these rights, how can we work towards their possible politicization? | ||
| 786 | 0 | _nActuel Marx | 74 | 2 | 2023-08-02 | p. 7-9 | 0994-4524 | |
| 856 | 4 | 1 | _uhttps://shs.cairn.info/revue-actuel-marx-2023-2-page-7?lang=fr&redirect-ssocas=7080 |
| 999 |
_c1587594 _d1587594 |
||